000 01739nam0a22003371 4500
001 rc\4520225
005 20250612105537.0
021 _aRU
_b[65-51361]
035 _a(NLR Aleph) 008624722
090 _a8845344
_c8845344
100 _a20130416d1965 |||y0rusy50 ca
101 0 _arus
102 _aRU
105 _aac z |||||
200 1 _aКинорежиссер Хуан Антонио Бардем
210 _aМосква
_cИскусство
_d1965
215 _a347 с., 8 л. ил.
_cпортр.
_d17
225 1 _aМастера зарубежного киноискусства
320 _aФильмогр. справка, в конце книги
327 1 _aСодерж.: О сценариях Хуана Антонио Бардема / М. Блейман. Сценарии Бардема: Смерть велосипедиста. Главная улица
464 0 _12001#$aГлавная улица$eСценарий Бардема
_tГлавная улица
464 0 _12001#$aО сценариях Хуана Антонио Бардема
_1700#1$aБлейман$bМ.
_1702#1$aБардем$bХ.А.$gХуан Антонио$4570
_tО сценариях Хуана Антонио Бардема
_aБлейман, М.
464 0 _12001#$aСмерть велосипедиста$eСценарий Бардема
_tСмерть велосипедиста
606 _aКино в Испании
_2psbo
606 _aКинофильмы художественные, испанские
_xСценарии (х. л.)
_2psbo
702 1 _aБардем
_bХ.А.
_gХуан Антонио
_4570
801 0 _aRU
_bNLR
_gpsbo
801 1 _aRU
_bELAR
_2rusmarc
852 _aNLR
_j65-2/1498
942 _cBOOK
980 _aNB